000 00840cad a22002055a 4500
001 L149916
008 100517e20100513xxk 000 0 eng d
035 _a(Sirsi) u149916
041 0 _aeng
110 2 _aUnited Kingdom
_bMinistry of Justice
_95477
245 0 0 _aStatistics on mortgage and landlord possession actions in the county courts
_bFirst quarter 2010
_h[electronic resource]
260 _c2010
490 _aMinistry of Justice Statistical Bulletin
_vFirst quarter 2010
520 _aMortgage and landlord possession actions in the county courts for first quarter 2010. Statistics.
590 _aKA
650 2 4 _aUNITED KINGDOM MINISTRY OF JUSTICE
690 _aResidential property
_96266
856 4 8 _auhttp://www.justice.gov.uk/stats-mort-land-q1-2010.pdf
_zView this item free of charge at www.justice.gov.uk
942 _n0
999 _c82324
_d82324